Curso de historia del derecho (Record no. 182149)

MARC details
000 -LEADER
campo de control de longitud fija 00917nam a2200241 i 4500
001 - NÚMERO DE CONTROL
campo de control 182149
003 - IDENTIFICADOR DE NÚMERO DE CONTROL
campo de control ES-MaACL
005 - FECHA Y HORA DE LA ÚLTIMA TRANSACCIÓN
campo de control 20250809015523.0
008 - DATOS DE LONGITUD FIJA--INFORMACIÓN GENERAL
campo de control de longitud fija 130620s2003 sp | |||| ||spa d
020 ## - NÚMERO INTERNACIONAL ESTÁNDAR DEL LIBRO
Número Internacional Estándar del Libro 978-84-609-8954-7
080 ## - NÚMERO DE LA CLASIFICACIÓN DECIMAL UNIVERSAL
Número de la Clasificación Decimal Universal 34(460)(091)
100 1# - ENTRADA PRINCIPAL--NOMBRE DE PERSONA
Nombre de persona Escudero, José Antonio.
9 (RLIN) 47686
245 10 - MENCIÓN DEL TÍTULO
Título Curso de historia del derecho
Resto del título : fuentes e instituciones político-administrativas /
Mención de responsabilidad, etc. José Antonio Escudero.
250 ## - MENCION DE EDICION
Mención de edición [3ª ed. rev.].
260 ## - PUBLICACIÓN, DISTRIBUCIÓN, ETC.
Lugar de publicación, distribución, etc. Madrid :
Nombre del editor, distribuidor, etc. J.A. Escudero,
Fecha de publicación, distribución, etc. 2003 (
Lugar de fabricación/manufactura Madrid :
Fabricante Solana e Hijos)
300 ## - DESCRIPCIÓN FÍSICA
Extensión XIII, 985 p. ;
Dimensiones 24 cm.
504 ## - NOTA DE BIBLIOGRAFÍA, ETC.
Nota de bibliografía, etc. Incluye referencias bibliográficas.
650 04 - PUNTO DE ACCESO ADICIONAL DE MATERIA--TÉRMINO DE MATERIA
Término de materia o nombre geográfico como elemento de entrada Derecho-
Subdivisión geográfica España-
Subdivisión de forma Historia
9 (RLIN) 11614
852 ## - LOCALIZACIÓN
Ubicación ES-MaACL
Número de control de estantería A-12717
itemnumber 189060
Sublocalización o colección R.148829
Ubicación en estantería Depósito 1
Signatura antigua Olim: N-5717
Encuadernación Donación: José Luis Abellán
903 ## - NOMBRE PERSONAL DE DONANTE
a Abellán, José Luis,
d 1933-2023
e Donante
q 1
9 176509
942 ## - ELEMENTOS DE ENTRADA SECUNDARIOS (KOHA)
Fuente del sistema de clasificación o colocación Clasificación decimal universal
Tipo de ítem Koha Libro impreso
Holdings
Estatus retirado Estado de pérdida Fuente del sistema de clasificación o colocación Estado de daño No para préstamo Biblioteca de origen Biblioteca actual Ubicación en estantería Fecha de adquisición Fuente de adquisición Total de préstamos Signatura topográfica completa Código de barras Visto por última vez Precio de reemplazo Tipo de ítem Koha
    Clasificación decimal universal     Biblioteca del Ateneo de Madrid Biblioteca del Ateneo de Madrid Depósito 1 20/06/2013 Donación   A-12717 1191418 23/02/2023 23/02/2023 Libro impreso